Mastering Disruption a practical guide to understanding : (Record no. 234651)
[ view plain ]
| 000 -LEADER | |
|---|---|
| fixed length control field | 00506nam a22001697a 4500 |
| 003 - CONTROL NUMBER IDENTIFIER | |
| control field | OSt |
| 005 - DATE AND TIME OF LATEST TRANSACTION | |
| control field | 20250722163948.0 |
| 008 - FIXED-LENGTH DATA ELEMENTS--GENERAL INFORMATION | |
| fixed length control field | 250722b |||||||| |||| 00| 0 eng d |
| 040 ## - CATALOGING SOURCE | |
| Transcribing agency | AIMIT LIBRARY |
| 082 ## - DEWEY DECIMAL CLASSIFICATION NUMBER | |
| Edition number | 1 |
| Classification number | GANK |
| Item number | 658.4033 |
| 100 ## - MAIN ENTRY--PERSONAL NAME | |
| Personal name | Ganesh K |
| 9 (RLIN) | 219728 |
| 245 ## - TITLE STATEMENT | |
| Title | Mastering Disruption a practical guide to understanding : |
| Remainder of title | New age business models / |
| Statement of responsibility, etc. | By K. Ganesh. |
| 250 ## - EDITION STATEMENT | |
| Edition statement | 1st ed. |
| 260 ## - PUBLICATION, DISTRIBUTION, ETC. | |
| Place of publication, distribution, etc. | Haryana : |
| Name of publisher, distributor, etc. | Penguin Random House India , |
| Date of publication, distribution, etc. | 2025. |
| 300 ## - PHYSICAL DESCRIPTION | |
| Other physical details | PB |
| Dimensions | 21.5 |
| 942 ## - ADDED ENTRY ELEMENTS (KOHA) | |
| Source of classification or shelving scheme | Dewey Decimal Classification |
| Koha item type | Book |
| Withdrawn status | Lost status | Source of classification or shelving scheme | Damaged status | Not for loan | Collection code | Home library | Current library | Date acquired | Source of acquisition | Cost, normal purchase price | Inventory number | Total Checkouts | Full call number | Barcode | Date last seen | Date last checked out | Cost, replacement price | Price effective from | Koha item type |
|---|---|---|---|---|---|---|---|---|---|---|---|---|---|---|---|---|---|---|---|
| Dewey Decimal Classification | MBA | St Aloysius Institute of Management & Information Technology | St Aloysius Institute of Management & Information Technology | 07/18/2025 | Biblios Book Point | 399.00 | Bill no:1965; Bill dt:2025-07-16 | 1 | 658.4062 GANK | MBA15209 | 05/23/2026 | 07/23/2025 | 319.00 | 07/22/2025 | Book | ||||
| Dewey Decimal Classification | MBA | St Aloysius Institute of Management & Information Technology | St Aloysius Institute of Management & Information Technology | 07/18/2025 | Biblios Book Point | 399.00 | Bill no:1965; Bill dt:2025-07-16 | 658.4062 GANK | MBA15208 | 05/23/2026 | 319.00 | 07/23/2025 | Book | ||||||
| Dewey Decimal Classification | MBA | St Aloysius Institute of Management & Information Technology | St Aloysius Institute of Management & Information Technology | 07/18/2025 | Biblios Book Point | 399.00 | Bill no:1965; Bill dt:2025-07-16 | 658.4062 GANK | MBA15210 | 05/23/2026 | 319.00 | 07/23/2025 | Book |